Ekonomska politika

Uložené v:
Podrobná bibliografia
Médium: Seriál
Jazyk:Serbian
Vydavateľské údaje: Beograd Borba 1982
Tagy: Pridať tag
Žiadne tagy, Buďte prvý, kto otaguje tento záznam!

MARC

LEADER 00000nas2a22000001 4500
001 s123476
005 20250730114219.9
041 0 |a srp 
044 |a YU 
245 1 0 |a Ekonomska politika 
264 1 |a Beograd  |b Borba  |c 1982 
300 |a 4 zv. 
773 0 |w eu_un_cat*s120976